Word Scramble - VCT Champions 2024 Players #3 - Statistics

General Stats
  • This quiz has been taken 319 times
  • The average score is 13 of 16
Answer Stats
Hint Answer % Correct
oob Boo
100%
cedn cNed
97%
4vd14 d4v41
97%
xy9fo Foxy9
91%
fela leaf
88%
amindkefr mindfreak
88%
gnigk kiNgg
86%
extxr trexx
83%
runern runneR
82%
kdree Derke
79%
iefl Life
72%
ptantkaaa AtaKaptan
65%
lnokug1 LuoK1ng
62%
meimrpi primmie
62%
msrlee Melser
59%
ayrosl Lysoar
55%
No matching quizzes found
Score Distribution
Percent of People with Each Score
Percentile by Number Answered
Your Score History
You have not taken this quiz